| 000 | 00524cam a2200157 4500 | ||
|---|---|---|---|
| 082 | 0 | 0 |
_a940.400956 _bWIL |
| 100 | 1 |
_aWilson, Arnold Talbot, _949416 |
|
| 245 | 1 | 0 |
_aLoyalties; Mesopotamia, 1914-1917; _ba personal and historical record. |
| 260 |
_aNew York, _bGreenwood Press _c[1969] |
||
| 300 |
_axxxvi, 340 p. _bmaps, ports. _c24 cm. |
||
| 500 | _aReprint of the 1930 ed. | ||
| 526 |
_a0 _b0 _c0 _d940_400956000000000_WIL |
||
| 650 | 0 |
_aMCE _9379 |
|
| 650 | 0 |
_aWorld War, 1914-1918 _xCampaigns _zIraq. _949387 |
|
| 942 |
_2ddc _cBK |
||
| 999 |
_c552202 _d552202 |
||